[Event "Sunway Sitges Open 2018"]
[Site "Sitges ESP"]
[Date "2018.12.21"]
[Round "8.63"]
[White "Tastambekov, Timur"]
[Black "Gjestemoen-VonHirsch, Andre"]
[Result "1-0"]
[WhiteElo "2146"]
[BlackElo "1993"]
[WhiteFideId "13701746"]
[BlackFideId "1539531"]
[EventDate "2018.12.14"]

1. d4 Nf6 2. c4 c5 3. d5 b5 4. cxb5 a6 5. f3 g6 6. e4 Bg7 7. e5 Ng8 8. f4 d6 9.
Nf3 Nh6 10. Bc4 Nd7 11. Nc3 Nb6 12. Be2 O-O 13. O-O axb5 14. Bxb5 Bb7 15. e6
fxe6 16. dxe6 Nf5 17. Re1 Nd4 18. Nxd4 Bxd4+ 19. Kh1 Ra5 20. Bd3 Qa8 21. Qg4 c4
22. Bc2 Nd5 23. Nxd5 Bxd5 24. f5 Bg7 25. Bg5 gxf5 26. Qg3 Kh8 27. Bxe7 Rg8 28.
Bg5 Bxb2 29. Rab1 f4 30. Qh3 Bxg2+ 31. Qxg2 f3 32. Qf2 Raxg5 33. Rxb2 Rg2 34.
Qd4+ R8g7 35. Be4 Qf8 36. Rxg2 fxg2+ 37. Bxg2 Qe7 38. Rb1 Qa7 39. Be4 1-0

[Event "Sunway Sitges Open 2018"]
[Site "Sitges ESP"]
[Date "2018.12.22"]
[Round "9.1"]
[White "Andreikin, Dmitry"]
[Black "Alonso Rosell, Alvar"]
[Result "1/2-1/2"]
[WhiteTitle "GM"]
[BlackTitle "GM"]
[WhiteElo "2719"]
[BlackElo "2524"]
[WhiteFideId "4158814"]
[BlackFideId "2270544"]
[EventDate "2018.12.14"]

1. e4 e5 2. Nf3 Nc6 3. Bc4 Nf6 4. d3 Bc5 5. O-O a6 6. c3 d6 7. Nbd2 h6 8. Bb3
O-O 9. Re1 Be6 10. Nf1 Bxb3 11. Qxb3 Re8 12. Be3 Bxe3 13. Nxe3 Rb8 14. Nd5 Na5
15. Qa4 Nc6 16. d4 exd4 17. Nxf6+ Qxf6 18. cxd4 Qf4 19. d5 Ne5 20. Nxe5 Rxe5 21.
g3 Qg4 22. Rac1 Re7 23. Kg2 Qc8 24. Re3 Qe8 25. Qd4 c6 26. dxc6 bxc6 27. b3 Re6
28. Rc4 a5 29. Ra4 Rb4 30. Rxb4 c5 31. Rb8 Qxb8 32. Qd5 Qb4 33. h4 g6 34. f4 a4
35. g4 axb3 36. axb3 Qd4 37. Kf3 Qa1 38. f5 Qf1+ 39. Kg3 Qg1+ 40. Kf3 Qf1+ 41.
Kg3 Qg1+ 1/2-1/2

[Event "Sunway Sitges Open 2018"]
[Site "Sitges ESP"]
[Date "2018.12.22"]
[Round "9.2"]
[White "Inarkiev, Ernesto"]
[Black "Ivanchuk, Vassily"]
[Result "1/2-1/2"]
[WhiteTitle "GM"]
[BlackTitle "GM"]
[WhiteElo "2693"]
[BlackElo "2717"]
[WhiteFideId "4162722"]
[BlackFideId "14100010"]
[EventDate "2018.12.14"]

1. e4 e5 2. Nf3 Nf6 3. Nxe5 d6 4. Nf3 Nxe4 5. Nc3 Nxc3 6. dxc3 Be7 7. Be3 O-O 8.
Qd2 Nc6 9. O-O-O Bf5 10. h4 Qd7 11. h5 h6 12. Nh4 Bh7 13. Kb1 Rae8 14. Bd3 Bxd3
15. Qxd3 Ne5 16. Qd5 Bxh4 17. Rxh4 b6 18. c4 Re7 19. b3 Rfe8 20. Bc1 Ng4 21. Qf3
Re4 22. Qg3 Nf6 23. Rdh1 Rxh4 24. Rxh4 Re1 25. Kb2 Ne4 26. Qf4 Qe6 27. Rh3 f5
28. Rd3 Qf6+ 29. Ka3 a5 30. Rd5 Nc3 31. Rxf5 Nb1+ 32. Ka4 Nc3+ 1/2-1/2

[Event "Sunway Sitges Open 2018"]
[Site "Sitges ESP"]
[Date "2018.12.22"]
[Round "9.3"]
[White "Harutyunian, Tigran K."]
[Black "Sasikiran, Krishnan"]
[Result "1/2-1/2"]
[WhiteTitle "IM"]
[BlackTitle "GM"]
[WhiteElo "2528"]
[BlackElo "2673"]
[WhiteFideId "13303635"]
[BlackFideId "5004985"]
[EventDate "2018.12.14"]

1. d4 d5 2. Nf3 Nf6 3. c4 c6 4. Nc3 e6 5. Bg5 h6 6. Bh4 dxc4 7. e4 g5 8. Bg3 b5
9. Be2 Bb7 10. O-O Nbd7 11. Qc2 Nh5 12. d5 Nxg3 13. hxg3 Bg7 14. Rad1 O-O 15.
Nd4 Bxd4 16. Rxd4 Qb6 17. dxe6 Qxd4 18. Rd1 Qe5 1/2-1/2

[Event "Sunway Sitges Open 2018"]
[Site "Sitges ESP"]
[Date "2018.12.22"]
[Round "9.4"]
[White "Edouard, Romain"]
[Black "Sosa, Tomas ARG"]
[Result "1-0"]
[WhiteTitle "GM"]
[BlackTitle "IM"]
[WhiteElo "2644"]
[BlackElo "2488"]
[WhiteFideId "633429"]
[BlackFideId "121576"]
[EventDate "2018.12.14"]

1. d4 d5 2. c4 e6 3. Nf3 Nf6 4. Nc3 dxc4 5. e3 a6 6. a4 b6 7. Bxc4 Bb7 8. O-O
Bb4 9. Ne5 O-O 10. Qe2 Nbd7 11. f4 c5 12. Na2 Ba5 13. Rd1 Qe7 14. b3 Nxe5 15.
dxe5 Ne4 16. Bb2 Rfd8 17. Bd3 h6 18. Qc2 f5 19. exf6 Nxf6 20. Bc4 Be4 21. Qe2
Bg6 22. h3 Qf7 23. Bxa6 Ne4 24. Bc4 Bd2 25. Kh2 Ra7 26. Bb5 Qe7 27. Bc6 Ba5 28.
Rxd8+ Qxd8 29. Rd1 Qh4 30. Bxe4 Bxe4 31. Bc3 Bd5 32. Qc2 Qh5 33. Bxa5 Rxa5 34.
e4 Ba8 35. Rd8+ Kh7 36. e5+ Qf5 37. Qxf5+ exf5 38. e6 c4 39. e7 Bc6 40. Nb4 c3
41. Nxc6 c2 42. Rh8+ Kxh8 43. e8=Q+ Kh7 44. Ne7 1-0

[Event "Sunway Sitges Open 2018"]
[Site "Sitges ESP"]
[Date "2018.12.22"]
[Round "9.5"]
[White "Petrosyan, Manuel"]
[Black "Indjic, Aleksandar"]
[Result "1/2-1/2"]
[WhiteTitle "GM"]
[BlackTitle "GM"]
[WhiteElo "2565"]
[BlackElo "2620"]
[WhiteFideId "13300857"]
[BlackFideId "911925"]
[EventDate "2018.12.14"]

1. d4 Nf6 2. Nf3 e6 3. c4 c5 4. d5 d6 5. Nc3 exd5 6. cxd5 g6 7. h3 Bg7 8. Bf4
O-O 9. e3 Na6 10. Bc4 Re8 11. O-O Nc7 12. a4 a6 13. a5 Rb8 14. Nd2 b5 15. axb6
Rxb6 16. Qc2 Rb4 17. Ra2 Bf5 18. e4 Bc8 19. Ra4 Rb8 20. Bh2 Nb5 21. Qd3 Qb6 22.
Ba2 Qd8 23. Bc4 Qb6 24. Ba2 Qd8 25. Bc4 Qb6 1/2-1/2

[Event "Sunway Sitges Open 2018"]
[Site "Sitges ESP"]
[Date "2018.12.22"]
[Round "9.6"]
[White "Krishna Teja, N"]
[Black "Liang, Awonder"]
[Result "1/2-1/2"]
[WhiteTitle "IM"]
[BlackTitle "GM"]
[WhiteElo "2340"]
[BlackElo "2589"]
[WhiteFideId "5001498"]
[BlackFideId "2056437"]
[EventDate "2018.12.14"]

1. Nf3 c5 2. c4 Nc6 3. Nc3 g6 4. g3 Bg7 5. Bg2 e5 6. O-O Nge7 7. Ne1 O-O 8. Nc2
d6 9. a3 Be6 10. Ne3 Qd7 11. d3 Bh3 12. Ned5 Bxg2 13. Kxg2 f5 14. e3 Rf7 15. Rb1
Nxd5 16. Nxd5 e4 17. f4 exf3+ 18. Qxf3 Ne5 19. Qe2 Re8 20. b4 Ng4 21. Bb2 Bxb2
22. Rxb2 Nf6 23. Nxf6+ Rxf6 24. Qf3 b6 25. e4 Ree6 26. Qe3 Qe7 27. Rbf2 Kg7 28.
b5 fxe4 29. Rxf6 Rxf6 30. Rxf6 Kxf6 31. Qf4+ Kg7 1/2-1/2

[Event "Sunway Sitges Open 2018"]
[Site "Sitges ESP"]
[Date "2018.12.22"]
[Round "9.7"]
[White "Vasquez Schroeder, Rodrigo"]
[Black "Vocaturo, Daniele"]
[Result "1/2-1/2"]
[WhiteTitle "GM"]
[BlackTitle "GM"]
[WhiteElo "2495"]
[BlackElo "2629"]
[WhiteFideId "3400042"]
[BlackFideId "813192"]
[EventDate "2018.12.14"]

1. Nf3 d5 2. d4 Nf6 3. c4 e6 4. Nc3 Bb4 5. Qa4+ Nc6 6. e3 O-O 7. Qc2 Re8 8. a3
Bxc3+ 9. Qxc3 e5 10. Nxe5 Nxe5 11. dxe5 Ne4 12. Qd4 Qh4 13. g3 Qh5 14. Bg2 Bh3
15. O-O Bxg2 16. Kxg2 Qxe5 17. Qxd5 Qxd5 18. cxd5 f5 19. b4 Rad8 20. Rd1 Re5 21.
d6 Rxd6 22. Rxd6 Nxd6 23. Bb2 Rd5 24. Rc1 c6 25. Rc2 g5 26. h3 g4 27. hxg4 fxg4
28. Bd4 Nb5 29. Bb2 Nd6 30. Bd4 a6 31. Kf1 Ne4 32. Kg2 Rf5 33. Ba7 Rf8 34. Bb6
Rf7 35. Ba7 Kg7 36. Bb8 Kg6 37. Kf1 h5 38. Bf4 Rd7 39. Ke2 Kf5 40. Bb8 Rd5 41.
Ba7 Rd8 42. Bd4 Ke6 43. Bc3 Rd5 44. Be1 Nd6 45. a4 Kf5 46. f3 Ke6 47. Rc1 Rf5
48. fxg4 hxg4 49. Rd1 Rd5 50. Rc1 Kf5 51. Bc3 Ne4 52. Rf1+ Kg6 53. Be1 Rf5 54.
Rh1 Rf3 55. Kd3 Ng5 56. Rh4 Kf5 57. Rh8 Nf7 58. Rf8 Ke6 59. Rg8 Rf5 60. Bc3 Rd5+
61. Ke4 Nd6+ 62. Kf4 Rf5+ 63. Kxg4 Rf7 64. Rg7 Rf1 65. Bd4 b5 66. axb5 axb5 67.
Rg6+ Kd7 68. Be5 Nc4 69. Rg7+ Ke6 70. Bf4 Re1 71. Kf3 Nd2+ 72. Kf2 Rb1 73. Rg6+
Kf5 74. Rxc6 Ne4+ 75. Kf3 Rf1+ 76. Kg2 Rb1 77. Rc8 Rxb4 78. Re8 Nf6 79. Re5+ Kg6
80. g4 Rb1 81. Kf3 Rf1+ 82. Ke2 Rb1 83. Rg5+ Kf7 84. Be5 Ne4 85. Rg7+ Ke6 86.
Bd4 b4 87. Rg8 Nd6 88. Rb8 b3 89. Kf2 Nc4 90. Rb4 b2 91. Bxb2 Nxb2 92. Kf3 Rf1+
93. Ke4 1/2-1/2

[Event "Sunway Sitges Open 2018"]
[Site "Sitges ESP"]
[Date "2018.12.22"]
[Round "9.8"]
[White "Adly, Ahmed"]
[Black "Praggnanandhaa, R"]
[Result "1/2-1/2"]
[WhiteTitle "GM"]
[BlackTitle "GM"]
[WhiteElo "2626"]
[BlackElo "2530"]
[WhiteFideId "10601619"]
[BlackFideId "25059530"]
[EventDate "2018.12.14"]

1. Nf3 Nf6 2. c4 e6 3. g3 d5 4. d4 dxc4 5. Bg2 c5 6. O-O Nc6 7. dxc5 Qxd1 8.
Rxd1 Bxc5 9. Nbd2 c3 10. bxc3 O-O 11. Nb3 Be7 12. Nfd4 Bd7 13. c4 Rac8 14. Nb5
Ne5 15. Bxb7 Rb8 16. Bf4 Nxc4 17. Bxb8 Rxb8 18. Ba6 Bxb5 19. Bxb5 Rxb5 20. Rac1
Rd5 21. Rd4 Nd6 22. Ra4 Nb5 23. Ra5 Ne4 24. Rc8+ Bf8 25. a4 Nbd6 26. Rxd5 Nxc8
27. Rd7 a5 28. Rb7 Nc3 29. Rc7 Nxe2+ 30. Kf1 Nxg3+ 31. hxg3 Nb6 32. Nc5 g6 33.
Ne4 h6 34. Nf6+ Kg7 35. Ng4 Nxa4 36. Ne5 Bd6 37. Rxf7+ Kg8 38. Ra7 Bxe5 39. Rxa5
Bxg3 40. fxg3 Nc3 41. Ra7 Ne4 42. Kg2 1/2-1/2

[Event "Sunway Sitges Open 2018"]
[Site "Sitges ESP"]
[Date "2018.12.22"]
[Round "9.9"]
[White "Romanov, Evgeny"]
[Black "Wang, Kevin"]
[Result "1-0"]
[WhiteTitle "GM"]
[BlackTitle "IM"]
[WhiteElo "2614"]
[BlackElo "2449"]
[WhiteFideId "4148843"]
[BlackFideId "2008424"]
[EventDate "2018.12.14"]

1. e4 c6 2. d4 d5 3. exd5 cxd5 4. Nf3 Nc6 5. Ne5 e6 6. Bb5 Qc7 7. Bf4 Bd6 8. Qg4
Kf8 9. Bxc6 Nf6 10. Qh4 bxc6 11. O-O Ba6 12. Re1 h6 13. Nd2 Rh7 14. Qg3 Rd8 15.
Qf3 Kg8 16. Rac1 c5 17. c4 Qb7 18. dxc5 Bxc5 19. b4 Bxb4 20. Rb1 g5 21. Bg3 Ne4
22. Rxe4 dxe4 23. Nxe4 f5 24. Nf6+ Kh8 25. Nxh7 Kxh7 26. Qh5 Qg7 27. Nc6 Rd2 28.
Be5 Qd7 29. Nb8 1-0

[Event "Sunway Sitges Open 2018"]
[Site "Sitges ESP"]
[Date "2018.12.22"]
[Round "9.10"]
[White "Peralta, Fernando"]
[Black "Stella, Andrea"]
[Result "1-0"]
[WhiteTitle "GM"]
[BlackTitle "GM"]
[WhiteElo "2584"]
[BlackElo "2503"]
[WhiteFideId "105309"]
[BlackFideId "827061"]
[EventDate "2018.12.14"]

1. d4 d5 2. c4 e6 3. Nc3 Be7 4. cxd5 exd5 5. Bf4 c6 6. Qc2 Nf6 7. h3 g6 8. e3
Bf5 9. Qd2 Nbd7 10. Nge2 Qb6 11. Ng3 Ne4 12. Ncxe4 Bxe4 13. Nxe4 dxe4 14. a3 c5
15. Bc4 Bf6 16. O-O O-O 17. Rac1 Rac8 18. Rfd1 cxd4 19. exd4 Bg7 20. b4 Kh8 21.
Qa2 Qf6 22. Be3 Qe7 23. Bb3 f5 24. Qd2 b5 25. Rxc8 Rxc8 26. Rc1 Nb6 27. Rxc8+
Nxc8 28. Qc1 Qd7 29. Qc5 h6 30. d5 Kh7 31. d6 Nxd6 32. Qd5 Qd8 33. Bf4 1-0

[Event "Sunway Sitges Open 2018"]
[Site "Sitges ESP"]
[Date "2018.12.22"]
[Round "9.11"]
[White "Lopez Martinez, Josep Manuel"]
[Black "Santos Ruiz, Miguel"]
[Result "0-1"]
[WhiteTitle "GM"]
[BlackTitle "GM"]
[WhiteElo "2580"]
[BlackElo "2523"]
[WhiteFideId "2212943"]
[BlackFideId "22291482"]
[EventDate "2018.12.14"]

1. e4 c5 2. Nf3 d6 3. d4 cxd4 4. Nxd4 Nf6 5. Nc3 a6 6. f3 e5 7. Nb3 Be6 8. Be3
h5 9. Qd2 Nbd7 10. O-O-O Be7 11. Nd5 Nxd5 12. exd5 Bf5 13. Kb1 Rc8 14. Rc1 O-O
15. Be2 Qc7 16. Ka1 Bd8 17. c4 b6 18. f4 exf4 19. Bxf4 Nc5 20. Nxc5 bxc5 21.
Bxh5 Bf6 22. g4 Bh7 23. g5 Bd4 24. Rc3 Rb8 25. Bd1 a5 26. Ba4 Rb4 27. Bb5 Rb8
28. Re1 Bf5 29. h4 Bxc3 30. bxc3 R4xb5 31. cxb5 Rxb5 32. Rc1 a4 33. h5 a3 34.
Qe1 Rb8 35. g6 Qb7 0-1

[Event "Sunway Sitges Open 2018"]
[Site "Sitges ESP"]
[Date "2018.12.22"]
[Round "9.12"]
[White "Kulaots, Kaido"]
[Black "Dragnev, Valentin"]
[Result "0-1"]
[WhiteTitle "GM"]
[BlackTitle "GM"]
[WhiteElo "2555"]
[BlackElo "2483"]
[WhiteFideId "4500261"]
[BlackFideId "1634852"]
[EventDate "2018.12.14"]

1. e4 c5 2. Nf3 e6 3. d4 cxd4 4. Nxd4 Nc6 5. Nc3 Qc7 6. Be3 a6 7. Qf3 Nf6 8.
O-O-O Ne5 9. Qg3 b5 10. a3 Bb7 11. Bxb5 Rc8 12. Ba4 Nxe4 13. Nxe4 Bxe4 14. Bf4
Qa5 15. Bxe5 Qxa4 16. Rd2 Bg6 17. h4 Bb4 18. Re2 f6 19. h5 fxe5 20. hxg6 exd4
21. Rxh7 Rg8 22. axb4 Qa1+ 23. Kd2 Qxb2 24. Qb3 Qxb3 25. cxb3 Rb8 26. Re4 Rxb4
27. Kc2 Ke7 28. Kb2 a5 29. Ka3 Kd6 30. Rf4 e5 31. Rf7 d3 32. Rh1 Rgb8 33. Rd1
Rxb3+ 34. Ka2 Rb2+ 35. Ka3 e4 36. f3 Rb1 37. Rxb1 Rxb1 0-1

[Event "Sunway Sitges Open 2018"]
[Site "Sitges ESP"]
[Date "2018.12.22"]
[Round "9.13"]
[White "Henderson de La Fuente, Lance"]
[Black "Kadric, Denis"]
[Result "1/2-1/2"]
[WhiteTitle "IM"]
[BlackTitle "GM"]
[WhiteElo "2484"]
[BlackElo "2554"]
[WhiteFideId "32096585"]
[BlackFideId "14403803"]
[EventDate "2018.12.14"]

1. e4 d6 2. d4 Nf6 3. Nc3 e5 4. Nf3 Nbd7 5. g3 c6 6. Bg2 Be7 7. Nh4 g6 8. Bh6
Qb6 9. Ne2 Qxb2 10. h3 Bf8 11. Be3 Bg7 12. O-O Qa3 13. Bc1 Qa5 14. c3 O-O 15. f4
Re8 16. Qc2 exf4 17. Bxf4 Re6 18. Rf2 Qd8 19. Re1 d5 20. e5 Nh5 21. Ref1 Nf8 22.
Bc1 Nxg3 23. Nxg3 Qxh4 24. Kh2 Re8 25. Rxf7 Be6 26. Rxb7 Nd7 27. Rb1 Rf8 28. Ba3
c5 29. Qd3 Bh6 30. Rbe1 Bf4 31. Rf3 Rf5 32. Ref1 Raf8 33. Kg1 Bxg3 34. Rxg3
Rxf1+ 35. Bxf1 Rf4 36. Bc1 Rf7 37. Bg5 Qe4 38. Qxe4 dxe4 39. a3 cxd4 40. cxd4
Nb6 41. Re3 Nd5 42. Rb3 Nb6 43. Re3 Nd5 44. Rb3 Nb6 1/2-1/2

[Event "Sunway Sitges Open 2018"]
[Site "Sitges ESP"]
[Date "2018.12.22"]
[Round "9.14"]
[White "Lagarde, Maxime"]
[Black "Raja, Rithvik R"]
[Result "1/2-1/2"]
[WhiteTitle "GM"]
[BlackTitle "IM"]
[WhiteElo "2616"]
[BlackElo "2415"]
[WhiteFideId "662399"]
[BlackFideId "35007394"]
[EventDate "2018.12.14"]

1. b3 e5 2. Bb2 Nc6 3. e3 g6 4. Bb5 Nge7 5. h4 a6 6. Bxc6 Nxc6 7. d4 exd4 8. Nf3
Bg7 9. Nxd4 Rg8 10. c4 h5 11. Nxc6 dxc6 12. Qc1 Bxb2 13. Qxb2 Qe7 14. Nc3 Bg4
15. b4 Qe6 16. O-O Qxc4 17. f3 Bf5 18. e4 Bd7 19. Rfd1 O-O-O 20. Rac1 Qe6 21. a4
Kb8 22. Ne2 g5 23. hxg5 Rxg5 24. Nd4 Qe7 25. Rd2 Rdg8 26. Qc3 h4 27. b5 axb5 28.
axb5 c5 29. Ra1 cxd4 30. Qa5 c6 31. Qa8+ Kc7 32. b6+ Kd6 33. Rxd4+ Ke5 34. f4+
Kxf4 35. Rf1+ Kg4 36. Qxb7 Kh5 37. Qxd7 Rxg2+ 38. Kh1 Qxd7 39. Rxd7 R2g3 40.
Rf5+ Kg4 41. Rdxf7 Ra8 42. b7 Ra1+ 43. Rf1 Rxf1+ 44. Rxf1 Rb3 45. Rf7 Kg3 46.
Rg7+ Kf4 47. Rc7 1/2-1/2

[Event "Sunway Sitges Open 2018"]
[Site "Sitges ESP"]
[Date "2018.12.22"]
[Round "9.15"]
[White "Garriga Cazorla, Pere"]
[Black "Gordievsky, Dmitry"]
[Result "0-1"]
[WhiteTitle "IM"]
[BlackTitle "GM"]
[WhiteElo "2448"]
[BlackElo "2614"]
[WhiteFideId "32011601"]
[BlackFideId "24112798"]
[EventDate "2018.12.14"]

1. d4 f5 2. c4 Nf6 3. Nc3 d6 4. Nf3 g6 5. g3 Bg7 6. Bg2 O-O 7. O-O c6 8. Rb1 a5
9. d5 e5 10. dxe6 Bxe6 11. b3 Na6 12. Ba3 Nc5 13. Qc2 Qc7 14. Ng5 Bd7 15. Rbd1
h6 16. Nf3 Rae8 17. Na4 b6 18. e3 g5 19. h4 Nce4 20. hxg5 hxg5 21. Nd2 c5 22.
Nxe4 Nxe4 23. Bb2 Bc6 24. Nc3 Bxc3 25. Bxe4 Rxe4 26. Qxc3 Qh7 27. Rxd6 Qh1+ 0-1

[Event "Sunway Sitges Open 2018"]
[Site "Sitges ESP"]
[Date "2018.12.22"]
[Round "9.17"]
[White "Nihal, Sarin"]
[Black "Lillo Castany, Victor"]
[Result "1-0"]
[WhiteTitle "GM"]
[BlackTitle "FM"]
[WhiteElo "2576"]
[BlackElo "2336"]
[WhiteFideId "25092340"]
[BlackFideId "2278995"]
[EventDate "2018.12.14"]

1. Nf3 Nf6 2. c4 e6 3. g3 d5 4. d4 dxc4 5. Bg2 a6 6. O-O Nc6 7. e3 Bd7 8. Qe2
Bd6 9. Qxc4 O-O 10. Rd1 Qe7 11. Nc3 Rab8 12. Qe2 e5 13. d5 Na7 14. Nd2 Nb5 15.
Nce4 Nxe4 16. Nxe4 Rbd8 17. a4 Na7 18. b3 Nc8 19. Bb2 Bf5 20. Nxd6 Nxd6 21. e4
Bd7 22. Rac1 Rc8 23. Rd2 Rfd8 24. Ba3 Qf6 25. f4 Qe7 26. Rdc2 c6 27. Rd2 cxd5
28. Rxc8 Bxc8 29. Rxd5 Be6 30. Rd3 b5 31. Qd1 1-0

[Event "Sunway Sitges Open 2018"]
[Site "Sitges ESP"]
[Date "2018.12.22"]
[Round "9.18"]
[White "Martinez Reyes, Pedro Ramon"]
[Black "Xu, Xiangyu"]
[Result "0-1"]
[WhiteTitle "FM"]
[BlackTitle "GM"]
[WhiteElo "2408"]
[BlackElo "2565"]
[WhiteFideId "3901807"]
[BlackFideId "8608288"]
[EventDate "2018.12.14"]

1. e4 c6 2. d4 d5 3. exd5 cxd5 4. c4 Nf6 5. Nc3 e6 6. Nf3 Bb4 7. Bd3 O-O 8. O-O
dxc4 9. Bxc4 b6 10. Qe2 h6 11. Ne5 Bb7 12. a3 Bxc3 13. bxc3 Nbd7 14. Bd3 Rc8 15.
Bd2 Nxe5 16. Qxe5 Qd5 17. Qg3 Ne4 18. Bxe4 Qxe4 19. Rfe1 Qh7 20. a4 Bd5 21. a5
b5 22. Re5 Qg6 23. Qxg6 fxg6 24. Rb1 a6 25. Rb4 Rc4 26. Re1 Rfc8 27. Rc1 R4c7
28. h4 Kf7 29. f3 Kf6 30. Kf2 Rc6 31. Rbb1 Rc4 32. Rb4 Kf5 33. Rxc4 Rxc4 34. Ra1
Kf6 35. Ra3 Ke7 36. Ke2 Rc8 37. Bf4 Bc4+ 38. Ke3 Rc6 39. Be5 Kf7 40. Bb8 Bd5 41.
Ba7 Rc4 42. Kd3 Kf6 43. Bb8 g5 44. hxg5+ Kxg5 45. Bd6 Rc6 46. Bf8 Kf6 47. Ke3 h5
48. Bb4 g5 49. Ra1 Rc7 50. Rh1 Kg6 51. Rh2 h4 52. f4 Rf7 53. fxg5 Kxg5 54. Bd6
Kg4 55. Ke2 Bb3 56. Ke3 Bc4 57. Rh1 Bf1 58. Rh2 Bc4 59. Rh1 Bb3 60. Ke2 Bc2 61.
Ke3 Bg6 62. Rh3 Bf5 63. Rh1 Rh7 64. Rh2 Kg5 65. Kf3 Bg4+ 66. Ke3 Bd1 67. Rh3 Kg4
68. Rh1 Bb3 69. Ke2 Rd7 70. Be5 Rf7 71. Bd6 Rg7 72. Be5 Rh7 73. Bd6 Kf5 74. Ke3
Bd5 75. Rh2 Rh8 76. Be7 Kg4 77. Bd6 Rc8 78. Kd2 Rc4 79. Be7 Ra4 80. Rxh4+ Kg3
81. Rh7 Rxa5 82. Rg7+ Kf4 83. Bd6+ Ke4 84. Rg4+ Kf5 85. Rf4+ Kg6 86. g3 Ra2+ 87.
Kc1 a5 88. Kb1 Re2 89. Rf8 Be4+ 90. Ka1 Rc2 91. Rb8 Bd3 92. Ra8 a4 93. Bb4 Kf5
94. Ra6 Bc4 95. Kb1 Rh2 96. Ra8 Ke4 97. Rf8 Bd3+ 98. Ka1 Kd5 99. Rc8 Ke4 100.
Rf8 Bc4 101. Rf4+ Kd5 102. Rf8 a3 0-1

[Event "Sunway Sitges Open 2018"]
[Site "Sitges ESP"]
[Date "2018.12.22"]
[Round "9.19"]
[White "Medarde Santiago, Luis Marcos"]
[Black "Halkias, Stelios"]
[Result "0-1"]
[WhiteTitle "FM"]
[BlackTitle "GM"]
[WhiteElo "2386"]
[BlackElo "2552"]
[WhiteFideId "2263076"]
[BlackFideId "4201809"]
[EventDate "2018.12.14"]

1. e4 c5 2. Nc3 Nc6 3. Nf3 d6 4. d4 cxd4 5. Nxd4 e5 6. Nf5 Bxf5 7. exf5 Qd7 8.
Nd5 Nge7 9. f6 Nxd5 10. fxg7 Bxg7 11. Qxd5 O-O 12. c3 Ne7 13. Qb5 Qc7 14. Qc4
Qd7 15. Qb5 Qc6 16. Bg5 f6 17. Be3 a6 18. Qb4 a5 19. Qb5 Rfc8 20. Rd1 d5 21. g3
a4 22. a3 Kf7 23. f4 Qxb5 24. Bxb5 e4 25. Ke2 f5 26. Bd4 Ra5 27. Bd7 Rc4 28.
Bxg7 Kxg7 29. Rd4 Rxd4 30. cxd4 Nc6 31. Rd1 Rb5 32. Rd2 Kf6 33. Kd1 Rb3 34. Bxc6
bxc6 35. Rc2 Ke7 36. Rxc6 Rd3+ 37. Ke2 Rxd4 38. Rh6 Rc4 39. Rxh7+ Kd6 40. Rh5
Rc2+ 41. Ke3 Rxb2 42. Rxf5 Rb3+ 43. Kd2 Rxa3 44. g4 d4 45. Re5 Ra2+ 46. Kc1 e3
47. g5 a3 48. g6 Rg2 49. Ra5 a2 50. Ra6+ Ke7 51. f5 a1=Q+ 52. Rxa1 Rg1+ 53. Kb2
Rxa1 54. Kxa1 e2 0-1

[Event "Sunway Sitges Open 2018"]
[Site "Sitges ESP"]
[Date "2018.12.22"]
[Round "9.20"]
[White "Beliavsky, Alexander G"]
[Black "Shubin, Kirill"]
[Result "1-0"]
[WhiteTitle "GM"]
[BlackTitle "FM"]
[WhiteElo "2544"]
[BlackElo "2334"]
[WhiteFideId "14602377"]
[BlackFideId "34119962"]
[EventDate "2018.12.14"]

1. d4 e6 2. c4 Nf6 3. g3 Bb4+ 4. Bd2 a5 5. Bg2 d6 6. e3 Bxd2+ 7. Qxd2 Nbd7 8.
Nc3 e5 9. Nge2 O-O 10. O-O Re8 11. Rac1 exd4 12. Nxd4 Nc5 13. Qc2 Nfd7 14. b3
Ne5 15. a3 c6 16. h3 h5 17. Rcd1 h4 18. g4 Nxg4 19. hxg4 Bxg4 20. f3 Bd7 21.
Rfe1 h3 22. Bf1 Qg5+ 23. Kh1 Rxe3 24. Qd2 Rae8 25. Rxe3 Qxe3 26. b4 axb4 27.
axb4 Nb3 28. Qxe3 Rxe3 29. Nxb3 Rxc3 30. Nd2 Be6 31. Kh2 Rc2 32. Kg3 Rb2 33. b5
h2 34. Bg2 cxb5 35. cxb5 Rxb5 36. Nf1 Rb2 37. Nxh2 b5 38. Rxd6 g5 39. Ng4 b4 40.
Bh3 Kg7 41. Ne3 Bxh3 42. Kxh3 f6 43. Rb6 b3 44. Nf5+ Kf7 45. Nd6+ 1-0

[Event "Sunway Sitges Open 2018"]
[Site "Sitges ESP"]
[Date "2018.12.22"]
[Round "9.21"]
[White "Ortega Ruiz, Jose Miguel"]
[Black "Kelires, Andreas"]
[Result "1/2-1/2"]
[WhiteTitle "FM"]
[BlackTitle "GM"]
[WhiteElo "2298"]
[BlackElo "2535"]
[WhiteFideId "2209713"]
[BlackFideId "5900727"]
[EventDate "2018.12.14"]

1. d4 Nf6 2. c4 e6 3. Nf3 Bb4+ 4. Nbd2 b6 5. a3 Bxd2+ 6. Qxd2 Bb7 7. e3 O-O 8.
Be2 Ne4 9. Qc2 f5 10. O-O d6 11. b4 Nd7 12. Bb2 Qe7 13. d5 e5 14. Nd2 c6 15.
dxc6 Bxc6 16. f3 Ng5 17. Rad1 Kh8 18. Nb1 Rf6 19. Nc3 Rc8 20. Nd5 Bxd5 21. Rxd5
f4 22. exf4 Rxf4 23. Bc1 Rd4 24. Rxd4 exd4 25. Qf5 Ne6 26. f4 Rf8 27. Qh3 Nf6
28. Bd3 Qf7 29. Bb2 h6 30. Qf5 Rg8 31. Re1 Re8 32. g4 Nc5 33. Rxe8+ Qxe8 34.
bxc5 Qe1+ 35. Kg2 Qd2+ 36. Kf1 Qxb2 37. c6 Qc1+ 38. Ke2 Qb2+ 39. Kf3 Qd2 40. c7
Qe3+ 41. Kg2 Qd2+ 42. Kf1 Qd1+ 43. Kf2 Qd2+ 44. Be2 Qe3+ 45. Kf1 Qh3+ 46. Kg1
Qe3+ 47. Kf1 Qh3+ 48. Ke1 Qc3+ 49. Kd1 Qa1+ 50. Kc2 Qc3+ 51. Kb1 Qe1+ 52. Kb2
Qxe2+ 53. Kb1 Qe1+ 54. Ka2 Qe2+ 55. Kb1 Qe1+ 1/2-1/2

[Event "Sunway Sitges Open 2018"]
[Site "Sitges ESP"]
[Date "2018.12.22"]
[Round "9.23"]
[White "Demianjuk, Alexander"]
[Black "Gukesh, D"]
[Result "1/2-1/2"]
[WhiteTitle "FM"]
[BlackTitle "IM"]
[WhiteElo "2344"]
[BlackElo "2466"]
[WhiteFideId "4134249"]
[BlackFideId "46616543"]
[EventDate "2018.12.14"]

1. e4 c5 2. Nf3 Nc6 3. Bb5 g6 4. Bxc6 dxc6 5. d3 Bg7 6. h3 Nf6 7. Nc3 Nd7 8. Be3
e5 9. O-O b6 10. Nh2 Nf8 11. f4 exf4 12. Bxf4 Ne6 13. Bg3 Nd4 14. Qd2 Be6 15.
Nd1 Nb5 16. c3 O-O 17. Nf2 Qd7 18. Nfg4 Bxg4 19. Nxg4 f6 20. a4 Nd6 21. Rae1
Rad8 22. Qc2 h5 23. Nh2 Nf7 24. Rd1 Ng5 25. Nf3 Nxf3+ 26. Rxf3 Qe6 27. Rdf1 Rfe8
28. c4 Rf8 29. b3 Rf7 30. Be1 Bf8 31. Bc3 Be7 32. Qf2 Rdf8 33. Qg3 Kh7 34. Qf4
Bd6 35. e5 Bc7 36. g4 f5 37. gxh5 g5 38. Qe3 Re7 39. Kh1 f4 40. Qe4+ Qf5 41. h4
Qxe4 42. dxe4 Bxe5 43. hxg5 Bxc3 44. Rxc3 Rxe4 45. Rg3 Kg7 46. Rg4 a6 47. Rf3 b5
48. axb5 cxb5 49. cxb5 axb5 50. Kg2 Rd4 51. Kh3 c4 52. bxc4 bxc4 53. Kh4 Rf5 54.
Ra3 Rd7 55. h6+ Kh7 56. Ra6 Rf8 57. g6+ Kg8 58. g7 Rc8 59. Rxf4 Rf7 60. Rxf7
Kxf7 61. Ra7+ Kg8 62. Ra6 c3 63. Kh5 Kf7 64. Ra7+ Kg8 65. Ra6 Kf7 66. Ra1 c2 67.
Rf1+ Kg8 68. Rc1 Kh7 69. Kg5 Rc6 70. Kf5 Rxh6 1/2-1/2